Pays en M - Statistiques

Statistiques générales
  • Ce quiz a été pris 156 fois
  • Le résultat moyen est 11 sur 16
Réponses sur la Carte
Les réponses sont colorées sur une échelle allant du rouge au vert en fonction du pourcentage des utilisateurs qui les ont devinées à leur premier essai. Vous pouvez retrouver ces pourcentages ci-dessous.
 
Statistiques - réponses
Pays % Correct
Maroc
83%
Madagascar
79%
Mauritanie
79%
Mali
77%
Macédoine du Nord
76%
Mexique
73%
Moldavie
71%
Monténégro
69%
Malte
68%
Mongolie
66%
Mozambique
65%
Malaisie
63%
Monaco
63%
Malawi
60%
Maldives
49%
Maurice
48%
Aucun quiz correspondant
Distribution des résultats
% des personnes avec chaque résultat
Percentile par nombre de réponses
Votre historique - résultats
Vous n’avez pas pris ce quiz